| 000 | 00758nam a22001937a 4500 | ||
|---|---|---|---|
| 999 |
_c178506 _d178506 |
||
| 005 | 20210401170124.0 | ||
| 010 | _aB-738723 | ||
| 020 |
_a9788173046506 _c450.00 |
||
| 035 | _aB-738723 | ||
| 037 | _bGift | ||
| 082 | _a294.5514 | ||
| 100 | _aBhattacharyya, N.N. | ||
| 245 |
_aHistory of the tantric religion: _ban historical, ritualistic and philosophical study / _cby N.N. Bhattacharyya |
||
| 260 |
_aNew Delhi _bManohar Publishers & Distributors _c2005 |
||
| 270 |
_a4753/23, Ansari Road, Daryaganj _bNew Delhi _e110002 |
||
| 300 |
_a483p. _c21cm(pbk) |
||
| 942 |
_2ddc _cEN _mSHA _h294.5514 |
||